000 00258nam a22001097a 4500
008 160523b xxu||||| |||| 00| 0 eng d
020 _a9780312452834
041 _aeng
080 _a003.2
245 _aApproaching literature:
_cPeter Schakel;
942 _2udc
_cBK
999 _c2376
_d2376